| 000 | 00474pab a2200157 454500 | ||
|---|---|---|---|
| 008 | 180718b2003 xxu||||| |||| 00| 0 eng d | ||
| 100 | _aSoederberg, Susanne | ||
| 245 | _aThe promotion of 'Anglo-American' corporate governance in the South: who benefits from the new international standard? | ||
| 260 | _c2003 | ||
| 300 | _ap.7-27. | ||
| 362 | _aFeb | ||
| 650 | _aFinancial markets | ||
| 650 | _aCorporate governance | ||
| 773 | _aThird World Quarterly | ||
| 909 | _a56392 | ||
| 999 |
_c56392 _d56392 |
||